Normal view
MARC view
- Daschner S
Entry Personal Name
001 - CONTROL NUMBER
- control field: 200955
003 - CONTROL NUMBER IDENTIFIER
- control field: OSt
005 - DATE AND TIME OF LATEST TRANSACTION
- control field: 20230714220320.0
008 - FIXED-LENGTH DATA ELEMENTS
- fixed length control field: 230714|| aca||aabn | a|a d
040 ## - CATALOGING SOURCE
- Original cataloging agency: OSt
- Transcribing agency: OSt
100 ## - HEADING--PERSONAL NAME
- Personal name: Daschner S
670 ## - SOURCE DATA FOUND
- Source citation: Work cat.: (OSt)223645: Daschner S., Architecting Modern Java EE Applications, 2017